000 00686nam a22002177a 4500
999 _c4466
_d4466
003 AR-CdUCM
008 190308b ||||| |||| 00| 0 spa d
020 _a7232-336-6
040 _aMUNICIPALIDAD PROVINCIAL DEL CUSCO
_cBIBLIOTECA MUNICIPAL DEL CUSCO
082 _a869.203 /
_bS12
110 _aSabato oral
_914037
245 _aSabato oral /
260 _aMadrid :
_bEdiciones culturales hispánica del instituto de cooperación iberoamericana,
_c1984.
300 _a108 paginas ;
_c18 cm.
505 _aContenido :Sabato oral
650 _aLiteratura española
_9362
650 _aCuentos españoles
_9762
650 _aHistorietas
_910786
942 _2ddc
_cLIBROS
945 _arum